000 00458nam a22001817a 4500
003 OSt
005 20140310182010.0
008 130730t xxu||||| |||| 00| 0 eng d
020 _a0340-56984-0
020 _a0340569840
050 _aPZ 7
_b.B661 1991, 1992
100 _aBlyton, Enid
_94844
245 _aThe Secret Seven:
_bGo ahead, sweet seven
_cEnid Blyton.
541 _g
_j1
541 _j1
562 _e2
942 _2lcc
_cBK-KF
_kKF
999 _c8127
_d8127